Statistics for Most Populous English Districts

Click here to take the quiz!

General Stats

  • This quiz has been taken 36 times
  • The average score is 12 of 25

Answer Stats

PopulationAnswer% Correct
1,140,000Birmingham
91%
498,000Liverpool
91%
793,000Leeds
87%
553,000Manchester
87%
585,000Sheffield
87%
463,000Bristol
70%
354,000Leicester
70%
540,000Bradford
65%
327,000Coventry
57%
387,000Croydon
57%
396,000Barnet
43%
348,000Wakefield
43%
395,000Bournemouth, Christchurch and Poole
35%
440,000Kirklees
35%
343,000Cheshire West and Chester
30%
379,000Dorset
30%
385,000Cheshire East
26%
570,000Cornwall
26%
353,000Newham
26%
500,000Wiltshire
26%
342,000Ealing
22%
334,000Enfield
22%
544,000Buckinghamshire
17%
530,000County Durham
17%
341,000East Riding of Yorkshire
13%

Score Distribution

Percentile by Number Answered

Percent of People with Each Score

Your Score History

You have not taken this quiz